000
00194 a2200097 4500
001
27944
100
_a
Bacon, G E
245
_a
Neutron physics
260
_a
_b
Wykeham
_c
090
_c
18652
_d
18652
942
_a
NUST-CAE
_c
M
_c
9616
999
_c
263017
_d
263017